Statistics for Green things

Click here to take the quiz!

General Stats

  • This quiz has been taken 31 times
  • The average score is 10 of 15

Answer Stats

Answer% Correct
Lime
100%
Pear
100%
Leaf
88%
Turtle
83%
Cucumber
79%
Grass
75%
Trees
75%
Zuccini
67%
Eggplant
63%
Mint
58%
Green Beans
58%
Watermelon
54%
Green Apples
33%
Crocodiles
29%
Spring onion
21%

Score Distribution

Percentile by Number Answered

Percent of People with Each Score

Your Score History

You have not taken this quiz